[Event "Cupa Martisor Open"]
[Site "Bucharest ROM"]
[Date "2002.03.02"]
[Round "3"]
[White "Petre,G"]
[Black "Patrascu,An"]
[Result "1-0"]
[WhiteElo "2161"]
[BlackElo "2255"]

1.d4 d5 2.c4 e6 3.Nc3 Nf6 4.Nf3 Be7 5.Bf4 O-O 6.e3 c6 7.Qc2 Nbd7 8.Be2 b6
9.O-O Bb7 10.cxd5 exd5 11.Qf5 g6 12.Qh3 Ne4 13.Nxe4 dxe4 14.Ng5 Bxg5 15.Bxg5 Qxg5
16.Qxd7 Rab8 17.Bc4 Qd8 18.Qg4 Qe7 19.h4 Rbe8 20.h5 Bc8 21.Qg3 Be6 22.Rac1 Bxc4
23.Rxc4 Qe6 24.Rfc1 Rc8 25.h6 f6 26.b4 Rfd8 27.b5 cxb5 28.Rc7 Kf8 29.d5 Rxc7
30.Rxc7 Qxd5 31.Rxh7 Qd1+ 32.Kh2 Qh5+ 33.Qh3 Qxh3+ 34.Kxh3 Rd5 35.g4 g5 36.Rxa7 Kg8
37.Rg7+ Kh8 38.Rf7 Rd6 39.Re7 Rc6 40.Kg3 Kg8 41.Rxe4 Kh7 42.f4 Kxh6 43.f5 Kg7
44.Re7+ Kf8 45.Rb7 Ke8 46.Kf3 Kf8 47.Ke4 Rd6 48.Rc7 Ke8 49.Rc3 Ke7 50.Rb3 Rd2
51.Rxb5 Rxa2 52.Rxb6 Ra4+ 53.Kf3 Rc4 54.Re6+ Kf7 55.Re4 Rc2 56.Ra4 Rd2 57.Ra7+ Ke8
58.Ra5 Ke7 59.e4 Rd3+ 60.Kf2 Rb3 61.Rd5 Ra3 62.e5 fxe5 63.Rxe5+ Kf7 64.Re6 Ra2+
65.Kf3 Ra3+ 66.Re3 Ra4 67.Rb3 Rf4+ 68.Kg3 Ra4 69.Rb7+ Kf8 70.Rb6 Ra3+ 71.Kf2 Ra4
72.Kf3 Ra3+ 73.Ke4 Ra4+ 74.Ke5 Rxg4 75.Kf6 Re4 76.Rb8+ Re8 77.Rxe8+ Kxe8
78.Kg7  1-0

[Event "TCh-CZE 2001-2"]
[Site "CZE"]
[Date "2002.03.10"]
[Round "9"]
[White "Polak,T"]
[Black "Prandstetter,E"]
[Result "1/2-1/2"]
[WhiteElo "2482"]
[BlackElo "2395"]

1.d4 Nf6 2.c4 e6 3.Nf3 d5 4.Nc3 Be7 5.Bf4 O-O 6.e3 c5 7.dxc5 Bxc5 8.cxd5 Nxd5
9.Nxd5 exd5 10.a3 Nc6 11.Bd3 Bb6 12.O-O h6 13.Bc2 Be6 14.b4 Rc8 15.Qd3 f5
16.Bb3 Qd7 17.Ne5 Nxe5 18.Bxe5 Rfd8 19.Rac1 Bf7 20.Bd4 Bxd4 21.Qxd4 b6 22.f3 Rxc1
23.Rxc1 Qe7 24.Rd1 Kf8 25.e4 fxe4 26.fxe4 Qf6 27.Qd3 Kg8 28.Bxd5 Bxd5 29.exd5 Rd6
30.Qe4 Qd8 31.h3 b5 32.Rd3 a5 33.Kh2 axb4 34.axb4 Qf6 35.Rf3 Qd8 36.Rf5 Qb8
37.Kh1 Rd8 38.Qe6+ Kh8 39.Re5 Qc7 40.Qf5 Qd6 41.Qe4 Rf8 42.Re8 Kg8 43.h4 Qd7
44.Rxf8+ Kxf8 45.Kh2 Qe7 46.Qd4 Qd6+ 47.Kh3 h5 48.g3 Ke8 49.Kg2 Qg6 50.Kf3 Kd8
51.Qe4 Qf6+ 52.Ke3 Qc3+ 53.Kf4 Qf6+ 54.Ke3 Qc3+ 55.Kf2 Qd2+ 56.Kf1 Qd1+ 57.Kf2 Qd2+
58.Kg1 Qd1+ 59.Kg2 Qd2+ 60.Kh3 Qd1 61.Kg2 Qd2+ 62.Kf3 Qc3+ 63.Kf2  1/2-1/2

[Event "TCh-AUT 2001-2"]
[Site "Dornbirn AUT"]
[Date "2002.03.10"]
[Round "11"]
[White "Muse,M"]
[Black "Penz,H"]
[Result "1-0"]
[WhiteElo "2497"]
[BlackElo "2351"]

1.Nf3 Nf6 2.c4 e6 3.Nc3 d5 4.d4 Be7 5.Bf4 O-O 6.e3 c6 7.Qc2 Nbd7 8.Rd1 Re8
9.Be2 dxc4 10.Bxc4 Nb6 11.Be2 Nbd5 12.Bg3 Qa5 13.Nd2 Bb4 14.Rc1 Qd8 15.e4 Nxc3
16.bxc3 Be7 17.Nb3 b6 18.O-O Bb7 19.Rfd1 Nd7 20.c4 Bh4 21.c5 Bxg3 22.hxg3 Qe7
23.a4 Red8 24.a5 b5 25.f4 a6 26.Bf3 Nf8 27.Qf2 Rac8 28.g4 Rd7 29.g3 Rdd8
30.Kg2 f6 31.e5 fxe5 32.dxe5 Rxd1 33.Rxd1 Rd8 34.Rd6 Rc8 35.g5 Rc7 36.Nd4 g6
37.Kg1 Rc8 38.Bg4 Qc7 39.Qd2 Re8 40.Nxe6 Nxe6 41.Bxe6+  1-0

[Event "Open"]
[Site "Reykjavik ISL"]
[Date "2002.03.13"]
[Round "7"]
[White "Gretarsson,H"]
[Black "Ehlvest,J"]
[Result "0-1"]
[WhiteElo "2520"]
[BlackElo "2589"]

1.d4 Nf6 2.c4 e6 3.Nf3 d5 4.Nc3 Be7 5.Bf4 O-O 6.e3 c5 7.dxc5 Bxc5 8.a3 Nc6
9.b4 Nxb4 10.axb4 Bxb4 11.Qb3 a5 12.Be5 Nd7 13.Bd4 Re8 14.cxd5 e5 15.Nxe5 Nxe5
16.Bb5 Nc6 17.Bxg7 Kxg7 18.dxc6 Qd4 19.Rc1 Rxe3+ 20.fxe3 Qxe3+ 21.Kd1 Be6
22.Qb2 Rd8+ 23.Nd5+ Kg8  0-1

[Event "72nd ch-ARG"]
[Site "Pinamar ARG"]
[Date "2002.03.14"]
[Round "5"]
[White "Slipak,S"]
[Black "Campora,D"]
[Result "1-0"]
[WhiteElo "2498"]
[BlackElo "2542"]

1.d4 Nf6 2.c4 e6 3.Nf3 d5 4.Nc3 Be7 5.Bf4 O-O 6.e3 c5 7.dxc5 Bxc5 8.cxd5 Nxd5
9.Nxd5 exd5 10.a3 Nc6 11.Bd3 Bb6 12.O-O Bg4 13.h3 Bh5 14.Be2 Re8 15.b4 a6
16.Ra2 f6 17.Nd4 Bf7 18.Nxc6 bxc6 19.Qa4 a5 20.bxa5 c5 21.a6 c4 22.Rb2 g5
23.Bg3 f5 24.Rfb1 f4 25.exf4 Bd4 26.Rd2 Bc3 27.Rc2 Ba5 28.Rd1 Qb6 29.fxg5 Red8
30.Rcc1 Rxa6 31.Qc2 Bg6 32.Qa2 Raa8 33.Rxd5  1-0

[Event "57th ch-YUG"]
[Site "Banja Koviljaca YUG"]
[Date "2002.03.16"]
[Round "1"]
[White "Ostojic,N"]
[Black "Savic,Miod1"]
[Result "1/2-1/2"]
[WhiteElo "2475"]
[BlackElo "2469"]

1.Nf3 Nf6 2.c4 e6 3.Nc3 d5 4.d4 Be7 5.Bf4 O-O 6.e3 Nbd7 7.Qc2 c6 8.Bd3 dxc4
9.Bxc4 Nd5 10.Bg3 Qa5 11.O-O Nxc3 12.bxc3 c5 13.Bd3 h6 14.Nd2 Qd8 15.Rfd1 Nf6
16.dxc5 Bd7 17.Ne4 Qc8 18.Bd6 Bxd6 19.cxd6 Nxe4 20.Bxe4 Rb8 21.c4 Qc5 22.Rac1 Rfd8
23.Rd4 b6 24.Qd2 Rdc8 25.Bd3 Rd8  1/2-1/2

[Event "Mediteran Cup WGM"]
[Site "Rijeka CRO"]
[Date "2002.03.16"]
[Round "9"]
[White "Medic,Mir"]
[Black "Trtanj,T"]
[Result "1-0"]
[WhiteElo "2273"]
[BlackElo "2187"]

1.d4 d5 2.c4 e6 3.Nc3 Nf6 4.Nf3 Be7 5.Bf4 c6 6.e3 Nbd7 7.h3 O-O 8.Qc2 Re8
9.Bd3 dxc4 10.Bxc4 Nd5 11.Bg3 N7b6 12.Be2 Bd6 13.Bxd6 Qxd6 14.O-O Nd7 15.Rfd1 Qe7
16.Rac1 Nxc3 17.Qxc3 Nf6 18.Qc2 Nd5 19.a3 Bd7 20.Ne5 Rec8 21.Bf3 Be8 22.Nd3 f6
23.e4 Nc7 24.Qb3 Rab8 25.e5 Bg6 26.Nc5 b6 27.exf6 gxf6 28.Ne4 Bxe4 29.Bxe4 Nd5
30.Rxc6 Rxc6 31.Qg3+ Kf7 32.Qxb8 f5 33.Bf3 Rc2 34.Qe5 Nf6 35.d5 exd5 36.Bxd5+ Nxd5
37.Qxf5+  1-0

[Event "Bundesliga 2001-2"]
[Site "Luebeck GER"]
[Date "2002.03.17"]
[Round "11"]
[White "Ftacnik,L"]
[Black "Dutreeuw,M"]
[Result "1-0"]
[WhiteElo "2574"]
[BlackElo "2345"]

1.d4 d5 2.c4 e6 3.Nf3 Nf6 4.Nc3 Be7 5.Bf4 c5 6.dxc5 Na6 7.e3 Nxc5 8.cxd5 Nxd5
9.Nxd5 exd5 10.Be5 O-O 11.Be2 Be6 12.O-O Rc8 13.Nd4 Qb6 14.Bf3 Rfd8 15.Rc1 Nd7
16.Bg3 Bf6 17.Rxc8 Rxc8 18.Nxe6 fxe6 19.Bxd5 Bxb2 20.Bf3 Nc5 21.Qc2 Bf6 22.Rc1 Qa6
23.Be4 h6 24.h4 b6 25.Bh7+ Kh8 26.Bg6 Rd8 27.Rd1 Qc8 28.h5 Rd7 29.Qe2 Qd8
30.Rxd7 Nxd7 31.Bc2 Nf8 32.Qc4 Qd7 33.Qe4 Qd5 34.Qxd5 exd5 35.Bb8 a6 36.Bc7 b5
37.Bf5 Bc3 38.Bc8 a5 39.Ba6 Ne6 40.Bb6 d4 41.Bxb5 dxe3 42.fxe3 Nf8 43.Be8 Kg8
44.Kf2 Bb4 45.Kf3 Nh7 46.g4 Nf6 47.Ba4 Kf8 48.Bb3 Nd7 49.Bd4 Nc5 50.Kf4 Nd7
51.Be6 Nc5 52.Kf5 Na4 53.Bb3  1-0

[Event "57th ch-YUG"]
[Site "Banja Koviljaca YUG"]
[Date "2002.03.18"]
[Round "3"]
[White "Antic,D"]
[Black "Abramovic,B"]
[Result "0-1"]
[WhiteElo "2470"]
[BlackElo "2524"]

1.d4 d5 2.c4 e6 3.Nf3 Nf6 4.Nc3 Be7 5.Bf4 O-O 6.e3 c5 7.dxc5 Bxc5 8.a3 Nc6
9.Qc2 Be7 10.O-O-O Bd7 11.cxd5 exd5 12.Kb1 Rc8 13.Bd3 Be6 14.Ng5 h6 15.Nxe6 fxe6
16.g4 d4 17.Bc4 Nd5 18.Nxd5 exd5 19.Ba2 Kh8 20.Qb3 Bg5 21.Bg3 dxe3 22.Rxd5 Qe7
23.f3 Rxf3 24.Qd3 e2 25.Qxf3 Nd4 26.Rxd4 e1=Q+ 27.Qd1 Qxd1+ 28.Rhxd1 Bf6
29.Rc4 Rxc4 30.Bxc4 Qe4+ 31.Bd3 Qxg4 32.Re1 g5 33.Be4 Qd7 34.Bf2 Qd2  0-1

[Event "Open"]
[Site "Mar del Plata ARG"]
[Date "2002.03.25"]
[Round "4"]
[White "Panno,O"]
[Black "Leskovar,Mat"]
[Result "1-0"]
[WhiteElo "2489"]
[BlackElo "2061"]

1.Nf3 Nf6 2.c4 e6 3.Nc3 d5 4.d4 Be7 5.Bf4 O-O 6.e3 c6 7.Qc2 Qa5 8.Nd2 Bb4
9.Bd3 Nbd7 10.O-O Re8 11.Bg3 e5 12.cxd5 cxd5 13.a3 Bxc3 14.Nb3 Qc7 15.Rfc1 b6
16.Qd1 Bb7 17.Rxc3 Qd6 18.dxe5 Nxe5 19.Rac1 Rec8 20.Nd4 Rxc3 21.Rxc3 Ne4
22.Bxe4 dxe4 23.h3 Qd5 24.Bxe5 Qxe5 25.Qc2 h6 26.Rc7 Bd5 27.Rd7 Be6 28.Qc6 Re8
29.Rxa7 Bd5 30.Qc7 Qh5 31.Qxb6 Re5 32.Ra5 Rg5 33.Kh2  1-0

[Event "13th Goodricke"]
[Site "Calcutta IND"]
[Date "2002.03.26"]
[Round "10"]
[White "Lalic,B"]
[Black "Kunte,A"]
[Result "1/2-1/2"]
[WhiteElo "2523"]
[BlackElo "2479"]

1.d4 Nf6 2.c4 e6 3.Nf3 d5 4.Nc3 Be7 5.Bf4 O-O 6.e3 c5 7.dxc5 Bxc5 8.Qc2 Nc6
9.Rd1 Qa5 10.a3 Be7 11.Nd2 e5 12.Bg5 d4 13.Nb3 Qd8 14.Be2 a5 15.exd4 a4 16.Nxa4 Nxd4
17.Nxd4 exd4 18.Bxf6 Bxf6 19.O-O Qa5 20.b3 Bd7 21.Bf3 Bxa4 22.bxa4 Qxa4 23.Qxa4 Rxa4
24.Rb1 Rxc4 25.Rxb7 d3 26.Rd7 Rd8 27.Rxd8+ Bxd8 28.Rd1 Rd4 29.Kf1 g5 30.h3 Ba5
31.Rb1 Rc4 32.Bd1 Re4 33.Bf3 Re5 34.g3 d2 35.Kg2 Kg7 36.a4 Kf6 37.Rb5 Rxb5
38.axb5 Ke5 39.Kf1 Kd4 40.Ke2 Kc3 41.Be4 h6 42.g4 Kd4 43.Bf5 Ke5 44.b6 Bxb6  1/2-1/2

[Event "40th Doeberl Cup"]
[Site "Canberra AUS"]
[Date "2002.03.29"]
[Round "1"]
[White "Hamilton,D"]
[Black "Lip,C"]
[Result "1-0"]
[WhiteElo "2253"]
[BlackElo "2076"]

1.d4 d5 2.c4 e6 3.Nc3 Nf6 4.Nf3 Be7 5.Bf4 c5 6.dxc5 Bxc5 7.e3 O-O 8.Qc2 Qe7
9.O-O-O dxc4 10.Bxc4 a6 11.g4 b5 12.Bd3 Bb7 13.g5 Bxf3 14.gxf6 Qxf6 15.Bxh7+ Kh8
16.Be4 Bxd1 17.Qxd1  1-0

[Event "Asian Youth BU16"]
[Site "Tehran IRI"]
[Date "2002.04.01"]
[Round "6"]
[White "Hassan,Ab"]
[Black "Akbarinia,S"]
[Result "0-1"]
[WhiteElo "2260"]
[BlackElo "2198"]

1.d4 d5 2.c4 e6 3.Nc3 Be7 4.Nf3 Nf6 5.Bf4 O-O 6.e3 c5 7.dxc5 Bxc5 8.Be2 a6
9.cxd5 exd5 10.O-O Nc6 11.Ne5 Be6 12.Rc1 Be7 13.Na4 Nxe5 14.Bxe5 Rc8 15.Rxc8 Qxc8
16.Nc3 Rd8 17.Bf3 Qc4 18.Qd4 b5 19.Qa7 Nd7 20.Rd1 Nxe5 21.Qxe7 Nxf3+ 22.gxf3 Qc8
23.h4 Rd7 24.Qg5 h6 25.Qf4 a5 26.Qd4 b4 27.Na4 Rd6 28.Qc5 Qb8 29.Kf1 d4 30.Rxd4 Rxd4
31.exd4 Qe8 32.Qxa5 Bh3+ 33.Kg1 Qc6 34.Qe5 Qxa4 35.Kh2 Be6 36.f4 Bxa2 37.h5 Qa8
38.Kg3 Qd5 39.Qb8+ Kh7 40.Qxb4 Qb3+ 41.Qc3 g6 42.hxg6+ Kxg6 43.Kg4 Qxc3 44.bxc3 Be6+
45.Kh4 f6 46.f3 Bf7 47.Kg4 h5+ 48.Kh4 Kf5 49.Kg3 Bd5 50.Kh4 Bxf3 51.Kg3 Bd5
52.Kh4 Kxf4  0-1

[Event "III Open"]
[Site "Dos Hermanas ESP"]
[Date "2002.04.10"]
[Round "6"]
[White "Illescas Cordoba,M"]
[Black "Radulski,J"]
[Result "1/2-1/2"]
[WhiteElo "2580"]
[BlackElo "2499"]

1.d4 Nf6 2.c4 e6 3.Nf3 Bb4+ 4.Bd2 Be7 5.Nc3 d5 6.Bf4 O-O 7.e3 dxc4 8.Bxc4 Nd5
9.Bg3 Nxc3 10.bxc3 c5 11.O-O Nc6 12.Qe2 Bd6 13.Bxd6 Qxd6 14.Ng5 cxd4 15.Qd3 g6
16.exd4 Qf4 17.Qe3 Qxe3 18.fxe3 Kg7 19.Rf2 Bd7 20.Bb5 Rae8 21.Ne4 Re7 22.Rb1 Rd8
23.Nf6 Bc8 24.c4 Na5 25.c5 Nc6 26.Bxc6 bxc6 27.h3 e5 28.Rb8 exd4 29.exd4 h5
30.g4 hxg4 31.Nxg4 Rc7 32.Rd2 Rd5 33.Nf2 Be6 34.Ne4 Re7 35.Nd6 Rg5+ 36.Kh2 Bd5
37.Ne8+ Kh6 38.Nf6 Kg7 39.Nxd5 Rxd5 40.Rc8 Red7  1/2-1/2

[Event "Golden Cleopatra"]
[Site "Cairo EGY"]
[Date "2002.04.13"]
[Round "7"]
[White "Abdel Razik,K"]
[Black "Elmahdy,A"]
[Result "1-0"]
[WhiteElo "2373"]
[BlackElo "2126"]

1.d4 Nf6 2.c4 e6 3.Nc3 d5 4.Nf3 Be7 5.Bf4 c6 6.e3 Nbd7 7.Bd3 a6 8.cxd5 Nxd5
9.Bg3 Qa5 10.Qb3 b5 11.O-O Nxc3 12.bxc3 Bb7 13.a4 Qb6 14.c4 O-O 15.axb5 cxb5
16.cxb5 Bxf3 17.gxf3 axb5 18.Qxb5 Qxb5 19.Bxb5 Nf6 20.h3 h6 21.Bc6 Rxa1 22.Rxa1 Rc8
23.Ra6 Nh5 24.Be5 Nf6 25.Kf1 Ne8 26.Ke2 Bh4 27.e4 Rd8 28.Bg3 Bf6 29.d5 exd5
30.Bxd5 Kf8 31.Ra7 Be7 32.Be5 Nf6 33.Bxf6 gxf6 34.f4 Rb8 35.Kf3 Rb2 36.Kg3 Rd2
37.f5 Rd1 38.Kh4 Rf1 39.Kh5 Rh1 40.e5 Rxh3+ 41.Kg4 Rd3 42.exf6 Bxf6 43.Rxf7+ Ke8
44.Rxf6 Rxd5 45.Rxh6 Kf7 46.Kg5 Kg7 47.Re6 Kf7 48.Rh6 Kg7 49.Ra6 Rd7 50.f4 Rd8
51.Ra7+ Kf8 52.Kg6 Rd6+ 53.f6 Rd8 54.Rh7 Kg8 55.f7+ Kf8 56.Rh8+  1-0

[Event "Bundesliga 2001-2"]
[Site "Porz GER"]
[Date "2002.04.13"]
[Round "12"]
[White "Lautier,J"]
[Black "Beliavsky,A"]
[Result "1/2-1/2"]
[WhiteElo "2687"]
[BlackElo "2649"]

1.d4 Nf6 2.c4 e6 3.Nf3 d5 4.Nc3 Be7 5.Bf4 O-O 6.e3 c5 7.dxc5 Bxc5 8.Qc2 Nc6
9.a3 Qa5 10.Nd2 Be7 11.Bg3 Bd7 12.Be2 Rfc8 13.Rd1 Qd8 14.O-O Na5 15.cxd5 Nxd5
16.Nde4 Qe8 17.Qd3 Ba4 18.Nxa4 Qxa4 19.Rc1 Qb3 20.Qd2 Nc4 21.Qc2 Qxc2 22.Rxc2 Ncb6
23.Rfc1 Rxc2 24.Rxc2 Rc8 25.Rxc8+ Nxc8 26.Be5 f5 27.Nd2 Bf6 28.Bxf6 Nxf6
29.Nc4 Ne4 30.Kf1 Kf7 31.Bd3 Ned6 32.Ke2  1/2-1/2

[Event "XX Open"]
[Site "Metz FRA"]
[Date "2002.04.19"]
[Round "7"]
[White "Timoscenko,G"]
[Black "Vanderstricht,G"]
[Result "1-0"]
[WhiteElo "2513"]
[BlackElo "2420"]

1.c4 e6 2.Nc3 d5 3.d4 Be7 4.Nf3 Nf6 5.Bf4 O-O 6.e3 c5 7.dxc5 Bxc5 8.cxd5 Nxd5
9.Nxd5 exd5 10.a3 Nc6 11.Bd3 Bb6 12.O-O Bg4 13.h3 Bh5 14.b4 a6 15.Rc1 Re8
16.g4 Bg6 17.Bxg6 hxg6 18.Qd3 d4 19.e4 Qf6 20.Bg3 Rac8 21.Rfe1 Ba7 22.Kg2 Bb8
23.Bxb8 Rxb8 24.Rc5 Rbd8 25.e5 Qe7 26.e6 fxe6 27.Qxg6 Qf6 28.Qe4 e5 29.Nxe5 Nxe5
30.Rxe5 Rxe5 31.Qxe5 Qc6+ 32.Qe4 Qxe4+ 33.Rxe4 d3 34.Re1 d2 35.Rd1 Rd3 36.f3 Kh7
37.h4 Kh6 38.Kf2 Rxa3 39.Rxd2 Kh7 40.Rd7 b5 41.h5 Ra4 42.g5 Kg8 43.g6 Kf8
44.Rf7+ Kg8 45.Ra7 Kf8 46.Ra8+ Ke7 47.h6  1-0

[Event "Open"]
[Site "Dubai UAE"]
[Date "2002.04.25"]
[Round "9"]
[White "Hakki,I"]
[Black "Kayumov,S"]
[Result "1-0"]
[WhiteElo "2431"]
[BlackElo "2267"]

1.c4 e6 2.d4 d5 3.Nc3 Be7 4.Nf3 Nf6 5.Bf4 O-O 6.e3 Nbd7 7.Rc1 dxc4 8.Bxc4 a6
9.a4 c5 10.O-O cxd4 11.exd4 Nb6 12.Bb3 Nbd5 13.Nxd5 Nxd5 14.Bg3 b5 15.Ne5 Bb7
16.axb5 axb5 17.Qe2 Bg5 18.f4 Bh4 19.Rfd1 Bf6 20.Qxb5 Ne3 21.Qxb7 Rb8 22.Qf3 Rxb3
23.Re1 Qxd4 24.Bf2 Bxe5 25.fxe5 Qxb2 26.Bxe3 Qxe5 27.Qf2 Qh5 28.Bd4 Rb5 29.h3 e5
30.Ba1 f6 31.Rc7 Kh8 32.Kh2 Rb3 33.Rxe5 Qd1 34.Qc5 Rbb8 35.Qe7 Rg8 36.Re1 Qa4
37.Qe4 Rb4 38.Qf3 Qa5 39.Rxg7 Rbb8 40.Rxg8+ Kxg8 41.Qg3+  1-0

[Event "ch-HUN Gp B"]
[Site "Balatonlelle HUN"]
[Date "2002.05.02"]
[Round "2"]
[White "Ruck,R"]
[Black "Farago,I"]
[Result "1-0"]
[WhiteElo "2569"]
[BlackElo "2506"]

1.Nf3 d5 2.d4 Nf6 3.c4 e6 4.Nc3 Be7 5.Bf4 O-O 6.e3 c5 7.dxc5 Bxc5 8.cxd5 Nxd5
9.Nxd5 exd5 10.a3 Nc6 11.Bd3 Bb6 12.O-O Bg4 13.h3 Bh5 14.b4 d4 15.b5 Na5
16.exd4 Bxd4 17.Bxh7+ Kxh7 18.Qd3+ Bg6 19.Qxd4 Nb3 20.Qxd8 Rfxd8 21.Ra2 Bd3
22.Re1 Bxb5 23.Rb2 Bc4 24.Reb1 Na5 25.Bc7 Rd5 26.Bxa5 Rxa5 27.Rxb7 Rxa3 28.Ne5 Bd5
29.Rd7 Be6 30.Re7 Kg8 31.Rbb7 Rf8 32.Rxa7 Rxa7 33.Rxa7 Rc8 34.Kh2 g6 35.f3 Kg7
36.Kg3 Rc2 37.h4 Rd2 38.Ra3 Kh6 39.Ra5 Kg7 40.Ra3 Kh6 41.Nd3 g5 42.hxg5+ Kxg5
43.Nf4 Bf5 44.Ra5 Rd4 45.Nd5 Be6 46.Nc3+ Kg6 47.Ne4 Rb4 48.Ra6 Rb2 49.Nc5 Kf6
50.Ra4 Rc2 51.Nd3 Rd2 52.Nf4 Kg5 53.Ra8 Bf5 54.Rf8 Bg6 55.Rg8 Rc2 56.Nd5 Rd2
57.Ne3 Kf6 58.Kh4 Rd4+ 59.Ng4+ Ke7 60.Kg5 Rd5+ 61.Kf4 Rd4+ 62.Ke5 Rd2 63.Ne3 f6+
64.Kf4 Rd4+ 65.Kg3 Kf7 66.Rb8 Rd7 67.Rb6 Kg7 68.Ng4 Rf7 69.Kf4 Bh7 70.Rd6 Bc2
71.Ne3 Bb1 72.g4 Kg6 73.Rb6 Bd3 74.Rd6 Bb1 75.Kg3 Kg7 76.Nd5 Bg6 77.Nf4 Kh6
78.Kh4 Kh7 79.Ne6 Re7 80.Nf4 Rf7 81.Kg3 Kh6 82.Nd5 Kg7 83.f4 Be4 84.Nc3 Bb7
85.Nb5 Re7 86.Nd4 Be4 87.f5 Bb1 88.Ne6+ Kh6 89.Nf4 Rf7 90.Kh4  1-0

[Event "Mitropa Cup"]
[Site "Leipzig GER"]
[Date "2002.05.04"]
[Round "2"]
[White "Balinov,I"]
[Black "Kalod,R"]
[Result "1-0"]
[WhiteElo "2464"]
[BlackElo "2472"]

1.d4 Nf6 2.c4 e6 3.Nf3 d5 4.Nc3 Be7 5.Bf4 O-O 6.e3 Nbd7 7.Rc1 c6 8.h3 a6
9.a3 Re8 10.c5 b6 11.b4 a5 12.Bd3 axb4 13.axb4 bxc5 14.bxc5 Ba6 15.Bxa6 Rxa6
16.Ra1 Rxa1 17.Qxa1 Ne4 18.O-O Bf6 19.Rc1 e5 20.Nxe4 exf4 21.Nd6 Rf8 22.exf4 Nxc5
23.Nxf7 Qe7 24.Qa3 Ne6 25.Qxe7 Bxe7 26.N7e5 Nxf4 27.Rxc6 Bf6 28.Nd7 Ra8 29.Nxf6+ gxf6
30.Rxf6 Nd3 31.Ne5 Ra1+ 32.Kh2 Nb4 33.Rb6 Nc2 34.Rb8+ Kg7 35.Rb7+ Kg8 36.Nc6 Rd1
37.Ne7+ Kh8 38.Nxd5 Rxd4 39.Nf6 Rh4 40.g4 Rh6 41.g5 Rh4 42.Kg3 Rh6 43.gxh6  1-0

[Event "Mitropa Cup"]
[Site "Leipzig GER"]
[Date "2002.05.04"]
[Round "2"]
[White "Moor,O"]
[Black "Kotan,L"]
[Result "1-0"]
[WhiteElo "2346"]
[BlackElo "2365"]

1.d4 d5 2.c4 e6 3.Nc3 Be7 4.Nf3 Nf6 5.Bf4 O-O 6.e3 a6 7.Qc2 dxc4 8.Bxc4 b5
9.Bd3 Bb7 10.O-O Nbd7 11.Rfd1 g6 12.a4 b4 13.Ne4 Nxe4 14.Bxe4 Bxe4 15.Qxe4 Nf6
16.Qc2 Nd5 17.Bh6 Re8 18.e4 Nf6 19.Rac1 b3 20.Qe2 c5 21.dxc5 Qa5 22.Qc4 Rec8
23.c6 Qh5 24.Bd2 Rab8 25.h3 Rb6 26.c7 Rb7 27.Bf4 Qa5 28.Be5 Rb4 29.Qc6 Qxa4
30.Qxa4 Rxa4 31.Rd3 Nxe4 32.Rxb3 Bb4 33.Rc4 Ra1+ 34.Kh2 Bd6 35.Rb8 Bxe5+
36.Nxe5 Nd6 37.Rd4 Kg7 38.Rxc8 Nxc8 39.Rd8 Nb6 40.Rb8 Rc1 41.Rxb6 Rxc7 42.Rd6 Rc2
43.f4 Rc7 44.b4 f6 45.Nc6 Kh6 46.b5  1-0

[Event "Mitropa Cup"]
[Site "Leipzig GER"]
[Date "2002.05.08"]
[Round "6"]
[White "Moor,O"]
[Black "Doettling,F"]
[Result "1/2-1/2"]
[WhiteElo "2346"]
[BlackElo "2540"]

1.d4 d5 2.c4 e6 3.Nc3 Nf6 4.Nf3 Be7 5.Bf4 O-O 6.e3 Nbd7 7.cxd5 Nxd5 8.Nxd5 exd5
9.Bd3 c5 10.dxc5 Nxc5 11.O-O Bf6 12.Nd4 Qb6 13.Rb1 Nxd3 14.Qxd3 Bxd4 15.Qxd4  1/2-1/2

[Event "TCh-NOR Finals"]
[Site "Oslo NOR"]
[Date "2002.05.10"]
[Round "3"]
[White "Carlsen,M"]
[Black "Aarland,SA"]
[Result "1/2-1/2"]
[WhiteElo "2163"]
[BlackElo "2259"]

1.d4 d5 2.c4 e6 3.Nf3 Nf6 4.Nc3 Be7 5.Bf4 O-O 6.e3 c5 7.dxc5 Bxc5 8.Qc2 Nc6
9.a3 a6 10.O-O-O Be7 11.Ng5 g6 12.h4 e5 13.Nxd5 Nxd5 14.Rxd5 Qc7 15.Bg3 Bf5
16.Bd3 Bxd3 17.Qxd3 Rfd8 18.Kb1 b5 19.cxb5 axb5 20.Rc1 Qb6 21.Qxb5 Rdb8 22.Qxb6 Rxb6
23.Rd3 h6 24.Ne4 f5 25.Nd2 Rab8 26.Nc4 Rb5 27.Rc2 Rf8 28.Nd6 Rb6 29.Rdc3 Bxd6
30.Rxc6 Rfb8 31.Ka2 Rxc6 32.Rxc6 Rd8 33.f3 Kf7 34.Be1 Be7 35.Bc3 Bxh4 36.Bxe5 Rd2
37.a4 Bd8 38.Rd6 Rxd6 39.Bxd6 Ke6 40.Bf8 h5 41.Kb3 g5 42.Kc4 g4 43.fxg4 fxg4
44.Kd4 h4 45.Ke4 h3 46.gxh3 gxh3 47.Kf3 Bb6 48.e4 h2 49.Kg2 Ke5 50.b4 Kxe4
51.Kxh2 Kd5 52.Kg3 Ba5 53.bxa5 Kc6 54.Kf4 Kb7 55.Bc5 Ka8 56.Ke5 Kb7 57.Kd6 Ka8
58.Kc7  1/2-1/2

[Event "TCh-NOR Finals"]
[Site "Oslo NOR"]
[Date "2002.05.11"]
[Round "4"]
[White "Tisdall,J"]
[Black "Johannessen,LE"]
[Result "0-1"]
[WhiteElo "2491"]
[BlackElo "2452"]

1.d4 e6 2.c4 Nf6 3.Nf3 d5 4.Nc3 Be7 5.Bf4 O-O 6.e3 Nbd7 7.cxd5 Nxd5 8.Nxd5 exd5
9.Bd3 c5 10.O-O c4 11.Bc2 b5 12.e4 Nb6 13.e5 Bg4 14.h3 Bh5 15.g4 Bg6 16.Bxg6 fxg6
17.Be3 Qd7 18.Nh2 g5 19.f4 gxf4 20.Rxf4 Rxf4 21.Bxf4 b4 22.Qe2 Qe6 23.Qe3 Rc8
24.Rc1 Na4 25.Rc2 Qg6 26.Qe2 Rf8 27.Bg3 Bg5 28.Nf1 Qb6 29.Qd1 b3 30.Re2 c3
31.axb3 Nxb2 32.Qc2 Qxd4+ 33.Kg2 Nd3 34.e6 Nb4  0-1

[Event "Open"]
[Site "Pula CRO"]
[Date "2002.05.13"]
[Round "2"]
[White "Feletar,D"]
[Black "Chtivelband,V"]
[Result "1-0"]
[WhiteElo "2435"]
[BlackElo "2186"]

1.d4 d5 2.c4 e6 3.Nf3 Nf6 4.Nc3 Be7 5.Bf4 O-O 6.e3 c6 7.Qc2 Nbd7 8.h3 Qa5
9.Nd2 Re8 10.Bd3 Nf8 11.O-O Ng6 12.Bh2 Qd8 13.Nf3 dxc4 14.Bxc4 b5 15.Bd3 Bd7
16.Rfd1 Qb6 17.Rac1 Rac8 18.Qe2 Red8 19.Nd2 Be8 20.Nb3 a6 21.Ne4 Nxe4 22.Bxe4 Nf8
23.Rc2 Nd7 24.Rdc1 Nf6 25.Bf3 a5 26.Nc5 Nd5 27.a3 Nc7 28.Be4 Na6 29.Nxa6 Qxa6
30.Qf3 b4 31.a4 f5 32.Bxc6 Qd3 33.Be5 Bg6 34.Bf4 Be8 35.Be5 Bd6 36.Qg3 Bf8
37.Kh2 Bh5 38.Rc5 f4 39.Qg5 fxe3 40.fxe3 Bg6 41.Bb5 Rxc5 42.Rxc5  1-0

[Event "Open"]
[Site "Pula CRO"]
[Date "2002.05.14"]
[Round "4"]
[White "Feletar,D"]
[Black "Cooke,E"]
[Result "0-1"]
[WhiteElo "2435"]
[BlackElo "2220"]

1.Nf3 Nf6 2.d4 e6 3.c4 d5 4.Nc3 Be7 5.Bf4 O-O 6.e3 c5 7.dxc5 Bxc5 8.Qc2 Nc6
9.a3 Bd7 10.Be2 d4 11.exd4 Nxd4 12.Nxd4 Bxd4 13.O-O e5 14.Bg5 h6 15.Bxf6 Qxf6
16.Bf3 Bc6 17.Bxc6 bxc6 18.Ne2 Rad8 19.Nxd4 exd4 20.Rad1 Rfe8 21.b4 Re6 22.Qd3 Qe5
23.c5 Qd5 24.Rfe1 Rg6 25.f3 Re6 26.Re4 Rxe4 27.Qxe4 Qd7 28.Rd3 f5 29.Qf4 Kf7
30.Kf2 g5 31.Qd2 Qd5 32.g3 Kf6 33.Qc2 Rd7 34.Qd2 Qc4 35.Kg2 Qd5 36.Kf2 Qe5
37.Qd1 f4 38.Qa1 h5 39.Qg1 Re7 40.Qf1 fxg3+ 41.hxg3 h4 42.f4 gxf4 43.gxf4 Qe4
44.Qd1 Rg7 45.Qf1 Rg4  0-1

[Event "52nd ch-RUS w"]
[Site "Elista RUS"]
[Date "2002.05.15"]
[Round "6"]
[White "Shumiakina,T"]
[Black "Kryukova,I"]
[Result "0-1"]
[WhiteElo "2366"]
[BlackElo "2304"]

1.d4 Nf6 2.c4 e6 3.Nc3 d5 4.Nf3 Be7 5.Bf4 c6 6.e3 Nbd7 7.h3 a6 8.Qc2 O-O
9.a3 dxc4 10.Bxc4 b5 11.Ba2 Bb7 12.Rd1 Qb6 13.e4 c5 14.e5 Nh5 15.Be3 Bxf3
16.gxf3 cxd4 17.Bxd4 Qc6 18.Bb1 g6 19.Qe4 Qc7 20.f4 Ng7 21.Qf3 Rfd8 22.O-O Rac8
23.Ne4 Nf5 24.Bc3 a5 25.Nd6 Nxd6 26.exd6 Bxd6 27.Bxa5 Qxa5 28.Rxd6 Nf6 29.Rxd8+ Rxd8
30.f5 exf5 31.Qb7 Rd7 32.Qc6 Kg7 33.Kh1 Rc7 34.Qd6 Qa8+ 35.Kh2 Rd7 36.Qe5 Qd5
37.Qxd5 Rxd5 38.Rc1 Ne4 39.Kg2 Kf6 40.Rc2 h5 41.Ba2 Rd6 42.h4 Rd4 43.f3 Nd6
44.Kg3 Rd3 45.Kf2 Ke5 46.Ke2 Rd4 47.Ke3 Rxh4 48.Rc5+ Kf6 49.Rc6 Ke7 50.Rc7+ Kd8
51.Ra7 f6 52.Rg7 g5 53.Be6 Nc4+ 54.Bxc4 Rxc4 55.Rf7 Rc6 56.Kd4 g4 57.Kd5 Rc2
58.Rh7 g3 59.Rxh5 g2 60.Rh8+ Kc7 61.Rg8 Rxb2 62.Ke6 Rf2 63.Kxf6 Rxf3 64.Rxg2 Kb6
65.Rg8 Rxa3 66.Kxf5 Re3 67.Kf4 Re1 68.Kf3 b4 69.Kf2 Re5 70.Rg1 Kb5 71.Re1 Rxe1
72.Kxe1 Kc4 73.Kd2 Kb3 74.Kc1 Ka2  0-1

[Event "52nd ch-RUS w"]
[Site "Elista RUS"]
[Date "2002.05.15"]
[Round "6"]
[White "Khusnutdinova,L"]
[Black "Dorofeeva,A"]
[Result "1-0"]
[WhiteElo "2250"]
[BlackElo "2304"]

1.d4 d5 2.Nf3 Nf6 3.c4 e6 4.Nc3 Be7 5.Bf4 O-O 6.e3 c5 7.cxd5 Nxd5 8.Nxd5 exd5
9.dxc5 Bxc5 10.Bd3 Bb4+ 11.Ke2 Nc6 12.Qc2 h6 13.Rhd1 Qf6 14.Kf1 d4 15.Nxd4 Nxd4
16.Bh7+ Kh8 17.Rxd4 a5 18.a3 Be7 19.Be4 Qb6 20.Rad1 Bf6 21.Bc7 Qb5+ 22.Bd3 Qe8
23.Re4 Be6 24.Qe2 Qc6 25.Bf4 Bd5 26.Bb5 Qc5 27.b4 axb4 28.axb4 Qb6 29.Rxd5 Ra1+
30.Rd1 Rxd1+ 31.Qxd1 Qxb5+ 32.Qe2 Qa4 33.g3 b5 34.Bd6 Rd8 35.Bc5 Qa8 36.Qg4 Qd5
37.Bd4 Bg5 38.Qf3 Qd7 39.Kg2 Kg8 40.Bc5 Bf6 41.Rg4 Re8 42.Bd4 Bg5 43.Re4 Rc8
44.Re5 Be7 45.Rd5 Qc6 46.Bc5 Bf6 47.Rd6 Qc7 48.Rb6 Rb8 49.Qc6 Qxc6+ 50.Rxc6 Bd8
51.Kf3 f6 52.Ra6 Kf7 53.Ra7+  1-0

[Event "9th RUS-chT"]
[Site "Ekaterinburg RUS"]
[Date "2002.05.17"]
[Round "1"]
[White "Rustemov,A"]
[Black "Nikitin,An"]
[Result "1/2-1/2"]
[WhiteElo "2598"]
[BlackElo "2492"]

1.d4 d5 2.c4 e6 3.Nf3 Be7 4.Nc3 Nf6 5.Bf4 O-O 6.e3 c5 7.dxc5 Bxc5 8.a3 Nc6
9.Qc2 Qa5 10.Ra2 Be7 11.b4 Qd8 12.h3 d4 13.exd4 Nxd4 14.Nxd4 Qxd4 15.Be3 Qe5
16.Be2 a5 17.O-O axb4 18.axb4 Bd7 19.Rxa8 Rxa8 20.c5 Ra3 21.Rc1 Nd5 22.Nxd5 exd5
23.Qd2 Bf6 24.b5 Ra1 25.Bf1 Rxc1 26.Qxc1 Qc3 27.Qxc3 Bxc3 28.f4 f5 29.Bd3 g6
30.Kf1 Kf7 31.Ke2 Ke7 32.Kd1 Be6 33.Kc2 Bf6 34.Be2 Bd7 35.Kb3 Ke6 36.Kb4 Be7
37.Kc3 Bd8 38.Kb4 Be7 39.Ka4 Bd8 40.Bd4 Bc7 41.Be5 Bxe5 42.fxe5 b6 43.cxb6 Bc8
44.b7 Bxb7 45.Bf3 Kxe5 46.Ka5 Kd6 47.Kb6 Bc8 48.Ka7 Bd7 49.b6 Bc6 50.g3 g5
51.g4 f4 52.Bh1 Kc5 53.Bg2 Kb5 54.Bf3  1/2-1/2